Žizň v tance /

Uložené v:
Podrobná bibliografia
Hlavný autor: Luckaja, Jelena Leonidovna
Médium: Kniha
Jazyk:Russian
Vydané: Moskva : Iskusstvo, 1968.
Vydanie:1. izd.
ISBN: (viaz.)
Fyzický popis: 78 s., [49] s. obr. príl. : obr.
Tagy: Pridať tag
Žiadne tagy, Buďte prvý kto otaguje tento záznam!

MARC

LEADER 00000nam a2200000 a 4500
001 000180430
005 20101118171231.0
008 040101s1968 ru a g 000 0 rus d
020 |a (viaz.) 
040 |a SVKKK  |b slo  |c SVKKK  |e AACR2 
041 0 |a rus 
044 |a ru  |c RU 
100 1 |a Luckaja, Jelena Leonidovna 
245 1 0 |a Žizň v tance /  |c Jelena Leonidovna Luckaja. 
250 |a 1. izd. 
260 |a Moskva :  |b Iskusstvo,  |c 1968. 
300 |a 78 s., [49] s. obr. príl. :  |b obr. 
910 |a svkkk 
998 |a BK 
090 |g SCKHL  |k Sklad Pribinova 3. posch.  |a V.76889  |j 451496  |i 180430-10  |s Absenčne